Statistics for Capital Cities Of Europe In Alphabetical Order

Click here to take the quiz!

General Stats

  • This quiz has been taken 26 times
    (7 since last reset)
  • The average score is 31 of 45

Answer Stats

Answer% Correct
Amsterdam
100%
Athens
100%
Andorra La Vella
100%
Belgrade
83%
Berlin
83%
Bern
83%
Bratislava
83%
Brussels
83%
Bucharest
83%
Budapest
83%
Sofia
67%
Riga
67%
Rome
67%
San Marino
67%
Sarajevo
67%
Skopje
67%
Vienna
67%
Stockholm
67%
Tallinn
67%
Tirana
67%
Vatican City
67%
Prague
67%
Vilnius
67%
Warsaw
67%
Reykjavik
67%
Zagreb
67%
Ljubljana
67%
Helsinki
67%
Paris
67%
Oslo
67%
Moscow
67%
Minsk
67%
Madrid
67%
Luxembourg
67%
London
67%
Lisbon
67%
Kiev
67%
Copenhagen
67%
Dublin
67%
Chisinau
50%
Podgorica
50%
Valletta
50%
Vaduz
50%
Pristina
50%
Monaco
33%

Score Distribution

Percentile by Number Answered

Percent of People with Each Score

Your Score History

You have not taken this quiz since the last reset